Manual de Supervivencia
Đã lưu trong:
| Tác giả chính: | |
|---|---|
| Định dạng: | Sách |
| Ngôn ngữ: | Tiếng Tây Ban Nha |
| Được phát hành: |
Barcelona
Ediciones CEAC
1993
|
| Phiên bản: | 2a. ed |
| Loạt: | Libros Cúpula
|
| Những chủ đề: | |
| Các nhãn: |
Thêm thẻ
Không có thẻ, Là người đầu tiên thẻ bản ghi này!
|
MARC
| LEADER | 00000nam a2200000 a 4500 | ||
|---|---|---|---|
| 001 | UCH5302 | ||
| 003 | CL-VaPUC | ||
| 008 | 091014e19930000SP |||||||||||||||||spa|d | ||
| 020 | |a 8432916323 | ||
| 082 | 0 | 4 | |a 796.5 |b LEB |2 21 |
| 100 | 0 | |a Le Brun, Dominique |e author |9 541588 | |
| 245 | 1 | 0 | |a Manual de Supervivencia |
| 250 | |a 2a. ed | ||
| 300 | |a 337 p | ||
| 942 | |c BK | ||
| 945 | |d 20091014 00:00:00 |a ccalabra | ||
| 260 | |a Barcelona |b Ediciones CEAC |c 1993 | ||
| 650 | 0 | |a Deportes |9 224367 | |
| 650 | 7 | |a DEPORTES AVENTURA |2 CL-VaPUC |9 541589 | |
| 650 | 0 | |a Geografía |9 259346 | |
| 650 | 7 | |a DEPORTES AL AIRE LIBRE |2 CL-VaPUC |9 541590 | |
| 650 | 7 | |a SUPERVIVENCIA |2 CL-VaPUC |9 352316 | |
| 583 | |a last modification |c 20091014 00:00:00 |k Rodrigo Vera | ||
| 490 | 0 | |a Libros Cúpula | |
| 999 | |c 336466 |d 336464 | ||